[Event "73rd MNE-ch 2021"]
[Site "Podgorica"]
[Date "2021.05.06"]
[Round "4.7"]
[White "Sukovic, Andrej"]
[Black "Vujovic, Savo"]
[Result "1/2-1/2"]
[WhiteElo "2283"]
[BlackElo "2167"]
[Annotator "TA"]
[PlyCount "128"]
[EventDate "2021.05.03"]
[EventType "swiss"]
[EventCountry "MNE"]
[SourceTitle "playchess.com"]
[Source "ChessBase"]
[SourceQuality "1"]

{[%evp 21,128,23,29,0,0,0,0,0,0,0,33,10,20,0,7,11,4,0,10,0,8,1,18,16,36,36,43,43,41,15,15,19,62,54,79,24,27,26,26,27,35,17,36,23,35,12,15,24,25,22,39,14,14,14,14,16,17,17,17,17,17,17,17,17,17,17,17,17,17,17,17,17,17,17,17,17,17,10,10,0,0,0,0,3,17,14,27,0,29,29,29,29,42,20,44,21,21,21,28,28,28,29,43,10,17,0,45,0,29]} 1. e4 e5 2. Nf3 Nc6 3. Bb5 a6 4. Ba4 Nf6 5. O-O Nxe4 6. d4 b5 7. Bb3 d5 8. dxe5 Be6 9. Nbd2 Bc5 10. Nxe4 {10.Qe2 is vanishing.} dxe4 11. Bxe6 fxe6 12. Qxd8+ {C80: Open Ruy Lopez: Sidelines and 9 Nbd2.} (12. Ng5 {with more complications.} Qxd1 13. Rxd1 O-O 14. Nxe4 Bb6 15. a4) 12... Rxd8 13. Ng5 {[%mdl 64] Double Attack} O-O 14. Nxe4 ({Reject} 14. Nxe6 {[#]} Bxf2+ $1 {[%mdl 512]} 15. Kh1 e3 $17) 14... Bb6 15. Be3 {[#]} Nxe5 $146 ({Predecessor:} 15... Bxe3 16. fxe3 Rd5 17. Rxf8+ Kxf8 18. Kf2 Ke7 19. c3 Nxe5 20. Ke2 c5 21. h3 c4 {½-½ (34) Ivanov,O (2450)-Babarykin,S (2328) Moscow 2018}) 16. Bxb6 cxb6 17. Rad1 h6 18. Rfe1 Kf7 19. f4 {Strongly threatening Nd6+.} (19. Rc1 {is more complex.} Nd7 20. f3 Nf6 21. c4 Nxe4 22. Rxe4 Rc8 23. Rc3) 19... Ng4 20. c3 Ke7 (20... Rxd1 {is interesting.} 21. Rxd1 Kg6 22. Re1 Rxf4 23. Nd6 e5) 21. g3 Nf6 22. Nd2 Rd5 23. Nf3 Rxd1 24. Rxd1 $14 {[%mdl 4096] Endgame KRN-KRN} Rd8 25. Nd4 (25. Re1 {is more complex.} Nd5 26. Kf2 Kf6 27. a3 Ne7 28. g4) 25... Rd6 26. a3 Kd7 27. Re1 Ng8 28. g4 (28. Re4 $16) 28... Ne7 29. Kf2 Nc6 30. Nf3 Na5 31. h4 Nc4 32. Re2 Rd1 33. b3 Nxa3 34. Ra2 Nb1 35. Rxa6 {Black must now prevent c4.} Nxc3 36. Ra7+ Kd6 37. Rxg7 {With the idea g5.} Rb1 $1 38. g5 hxg5 39. fxg5 {aiming for h5.} Ne4+ $1 40. Kg2 {White wants to play g6.} Rb2+ ({Don't play} 40... Rxb3 41. g6 $16) 41. Kh3 {next g6 is good for White.} Rxb3 42. Rf7 {g6 is the strong threat.} Nd2 $1 {[#]} 43. g6 $1 {[%cal Rg6g7]} Nxf3 $11 {KRN-KR} 44. g7 Ne5+ 45. Kg2 Rb2+ 46. Kg1 Nxf7 ({Much worse is} 46... Rb1+ $6 47. Rf1 $16) 47. g8=Q {KQ-KRN} Ke7 48. Qg3 {And now Qa3+ would win.} Rc2 49. Qb8 Rc4 50. Qb7+ Kf6 51. Qxb6 Rg4+ 52. Kf1 b4 53. Ke2 Re4+ 54. Kd3 Rf4 (54... Kf5 {feels hotter.} 55. Qf2+ Rf4 56. Qg3 Ne5+ 57. Kc2 Rc4+) 55. Kc2 Kf5 56. h5 Ng5 57. Qb5+ {[%mdl 1024] White has compensation.} Kf6 58. Qe8 {Hoping for Qg6+.} Nf7 59. Qg8 Rh4 60. Qg6+ Ke7 61. Kb3 Kf8 62. Ka4 Ke7 63. Kb3 Kf8 64. Kc2 Ke7 {Weighted Error Value: White=0.08/Black=0.06} 1/2-1/2

[Event "73rd MNE-ch 2021"]
[Site "Podgorica"]
[Date "2021.05.06"]
[Round "4.8"]
[White "Popadic, Dragan"]
[Black "Musovic, Armin"]
[Result "1/2-1/2"]
[WhiteElo "2157"]
[BlackElo "2258"]
[Annotator "TA"]
[PlyCount "60"]
[EventDate "2021.05.03"]
[EventType "swiss"]
[EventCountry "MNE"]
[SourceTitle "playchess.com"]
[Source "ChessBase"]
[SourceQuality "1"]

{[%evp 11,60,-1,6,0,12,0,8,0,26,28,36,24,32,-7,-16,0,-3,-19,-24,-21,-14,-22,51,37,66,35,141,135,131,127,127,131,123,143,150,12,23,29,69,63,73,57,78,33,34,32,50,8,8,0,70]} 1. e4 c6 2. d4 d5 3. Nd2 dxe4 4. Nxe4 Nf6 5. Ng3 e6 6. Nf3 c5 7. Bb5+ {B15: Caro-Kann: 3 Nc3: 3...g6 and 3...dxe4 4 Nxe4 Nf6 5 Nxf6+ exf6.} Nbd7 8. O-O {[#]} a6 $146 ({Predecessor:} 8... Qb6 9. Bc4 Be7 10. c3 O-O 11. Qe2 a6 12. Be3 Qc7 13. a4 Nb6 14. a5 Nxc4 15. Qxc4 {0-1 (72) Przezdziecka,E (1970)-Swicarz,M (2305) Wroclaw 2003}) 9. Bxd7+ Qxd7 10. Qe2 cxd4 11. Rd1 Be7 12. Nxd4 {Hoping for Ndf5.} Qc7 $1 13. c4 O-O 14. b3 b6 15. Bb2 Bb7 16. Nf3 Qc6 {[#]} ({Better is} 16... Rac8 $11) 17. Nf5 $1 $14 {[%cal Rf5e7]} Bc5 {[#]} 18. Nxg7 Kxg7 (18... Qe4 $1 $14 19. Qxe4 Nxe4) 19. Qe5 $16 Rg8 {And now ...Be7 would win.} 20. Qxf6+ Kf8 21. Rd8+ Rxd8 22. Qxd8+ Qe8 23. Qxe8+ (23. Qd2 $16 {Rd1 is the strong threat.} Ke7 {[#]} 24. Qh6 $1) 23... Kxe8 $11 24. Kf1 Rg4 25. Ne1 b5 26. cxb5 axb5 27. h3 Rg5 28. Rd1 Rf5 29. Rd2 Bb4 30. Rd1 Bxe1 {Weighted Error Value: White=0.17/Black=0.20} (30... Bc5 $1 $11 31. Nd3 Rd5) 1/2-1/2

[Event "73rd MNE-ch 2021"]
[Site "Podgorica"]
[Date "2021.05.06"]
[Round "4.9"]
[White "Kisic, Bozidar"]
[Black "Koljevic, Nikolina"]
[Result "1-0"]
[WhiteElo "2263"]
[BlackElo "1931"]
[Annotator "TA"]
[PlyCount "39"]
[EventDate "2021.05.03"]
[EventType "swiss"]
[EventCountry "MNE"]
[SourceTitle "playchess.com"]
[Source "ChessBase"]
[SourceQuality "1"]

{[%evp 9,39,-61,-63,-70,-44,-50,-20,-16,-17,-14,6,-19,11,-3,0,0,108,122,193,193,194,190,354,346,404,413,425,411,514,512,494,503]} 1. d4 d5 2. Nc3 Bf5 3. Bf4 Nf6 4. Nb5 Na6 5. a4 c6 {[#]} 6. Nc3 $146 {D00: 1 d4 d5: Unusual lines.} ({Predecessor:} 6. Na3 e6 7. c3 Qb6 8. Qc1 Be7 9. Nf3 O-O 10. e3 h6 11. Be2 Nb8 12. a5 {0-1 (45) Yang,K (2275)-Gharibyan,M (2433) Chess.com INT 2020}) 6... e6 7. e3 Qa5 8. Bd3 {The position is equal.} Bb4 9. Nge2 O-O 10. O-O Rac8 11. Nb1 Bxd3 12. Qxd3 c5 {[#]} (12... Nh5 $11) 13. Qb5 $1 $16 {Strongly threatening c3.} cxd4 {[#]} (13... Nc7 $16 14. Qxb7 cxd4) 14. c3 $1 $18 dxc3 15. bxc3 Rc5 $2 (15... Rfd8 16. cxb4 Qxb4) 16. Qxb7 ({Weaker is} 16. cxb4 Rxb5 17. bxa5 Rxa5 $18) 16... Ne4 {[%cal Re4c3]} 17. cxb4 Nxb4 18. f3 Nc2 19. fxe4 Nxa1 20. Bd6 {[%mdl 64] Double Attack. Black did not feel at home in the position after the opening.  Weighted Error Value: White=0.02/Black=0.48} 1-0

[Event "73rd MNE-ch 2021"]
[Site "Podgorica"]
[Date "2021.05.06"]
[Round "4.10"]
[White "Vujacic, Igor"]
[Black "Pobor, Milo"]
[Result "1/2-1/2"]
[WhiteElo "2207"]
[BlackElo "2071"]
[Annotator "TA"]
[PlyCount "142"]
[EventDate "2021.05.03"]
[EventType "swiss"]
[EventCountry "MNE"]
[SourceTitle "playchess.com"]
[Source "ChessBase"]
[SourceQuality "1"]

{[%evp 18,142,12,0,0,0,3,6,27,31,23,12,20,8,20,16,77,27,26,18,59,50,45,38,51,52,48,68,115,31,67,45,94,98,91,62,64,69,106,80,81,0,0,0,0,0,0,0,0,0,0,0,0,0,0,0,0,0,0,0,0,0,0,0,0,0,29,0,210,214,232,154,140,156,138,64,74,37,38,36,56,31,72,72,129,45,64,8,8,8,8,8,8,8,8,0,8,0,8,0,0,0,0,0,0,0,0,0,8,8,8,0,0,0,0,0,0,0,0,0,0,0,0,0,0,0,0]} 1. c4 Nf6 2. Nc3 c5 3. Nf3 Nc6 4. g3 d5 5. cxd5 Nxd5 6. Bg2 Nxc3 7. bxc3 e5 8. d3 Be7 9. O-O O-O 10. Rb1 Rb8 {A22: English Opening: 1...e5 2 Nc3 Nf6.} 11. Nd2 Qc7 12. Ne4 h6 13. c4 {[#]} Be6 $146 ({Predecessor:} 13... Rd8 14. f4 Be6 15. Bd2 Qd7 16. fxe5 Nxe5 17. Bf4 f6 18. Qc2 b6 19. Qb2 Qd4+ 20. Qxd4 cxd4 21. Bxe5 fxe5 {½-½ (48) Beavan,R (1967)-Carter,M (1778) ICCF email 2013}) 14. Nc3 Qd7 15. Re1 f5 16. Nd5 f4 (16... Bd6 $11 {keeps the balance.}) 17. Qa4 Bd6 18. Nc3 Bh3 19. Bxc6 bxc6 20. Rxb8 Rxb8 21. Ne4 h5 22. f3 Be7 23. Nf2 (23. gxf4 $16 Bh4 24. Rd1) 23... Rf8 24. Qb3 ({Don't blunder} 24. Nxh3 $2 Qxh3 25. gxf4 Bh4 $19) 24... Kh7 25. Qc3 Bf6 26. Ne4 fxg3 27. hxg3 h4 28. g4 (28. Nxc5 Qf5 $14) 28... Bxg4 {next ...Bf5 is good for Black.} 29. fxg4 (29. Nxf6+ $16 Rxf6 30. Qxe5 (30. fxg4 $2 {leads to mate.} Qxg4+ 31. Kh2 Rf2+ {[%mdl 64] Double Attack} 32. Kh1 Qg2#)) 29... Qxg4+ $11 30. Kh2 h3 {[%csl Gh3][%cal Rg4g2]} 31. Rg1 {[%cal Rg1g4]} Qxe2+ {[%mdl 64] [#] Double Attack} 32. Kh1 Qf3+ 33. Kh2 Qe2+ {[%mdl 64] Double Attack} 34. Kxh3 Qh5+ 35. Kg2 Qe2+ 36. Kh3 {Black must now prevent Ng3.} Qh5+ 37. Kg2 Qe2+ 38. Kh1 Qh5+ 39. Kg2 {[#] aiming for Qe1.} Qe2+ 40. Kh1 Qh5+ 41. Kg2 {Strongly threatening Qe1.} Qg6+ 42. Ng3 {And now Qe1 would win.} e4 $2 (42... Rd8 $1 $11 {and Black has nothing to worry.}) 43. Qe1 $18 Bd4 44. Rf1 ({Don't play} 44. Qxe4 $6 Bxg1 45. Kxg1 Re8 $16) 44... Rf3 45. Rxf3 exf3+ 46. Kxf3 ({White should play} 46. Kh3 $16) 46... Qxd3+ $14 47. Kg2 Qxc4 48. a3 Qc2+ 49. Kh3 Qb3 50. Qe4+ Kg8 ({Black should try} 50... g6) 51. Qe8+ (51. Qxc6 $16 Qd3 52. Qd5+ Kh8 53. Qf5) 51... Kh7 52. Qxc6 ({Better is} 52. Kg4 $14) 52... Bf2 $1 $11 {[%csl Gf2][%cal Rb3g3] The position is equal.} 53. Qe4+ Kg8 {[%csl Gf2][%cal Rb3g3]} 54. Qe8+ Kh7 {[%csl Gf2][%cal Rb3g3]} 55. Qh5+ Kg8 {[%csl Gf2][%cal Rb3g3]} 56. Qe8+ Kh7 {[%csl Gf2][%cal Rb3g3]} 57. Qe4+ (57. Qe5 {seems wilder.} Kg8 58. Bb2 Qxg3+ 59. Qxg3 Bxg3 60. Kxg3 Kf7 61. a4) 57... Kg8 {[%csl Gf2][%cal Rb3g3]} 58. Bf4 (58. Qa8+ {is interesting.} Kh7 59. Qg2 Qe6+ 60. Kh2 Bxg3+ 61. Qxg3 Qe2+ 62. Qg2) 58... Bxg3 59. Bxg3 {Qe8+ is the strong threat.} Qxa3 60. Qd5+ Kh7 61. Kg4 {Threatens to win with Qe4+.} Qb4+ 62. Kg5 Qd4 63. Qf5+ Kg8 64. Qe6+ Kh7 65. Qg6+ (65. Be1 {with more complications.} Qd3 66. Kf4 Qd4+ 67. Kg5) 65... Kg8 66. Qe8+ Kh7 67. Be5 {Intending Qg6+ and mate.} (67. Qh5+ {keeps more tension.} Kg8 68. Qe8+) 67... Qg1+ 68. Kf5 Qb1+ 69. Kf4 Qc1+ 70. Ke4 Qc4+ 71. Kf5 {White threatens Qg6+ and mate.} Qd3+ {Weighted Error Value: White=0.16/Black=0.17} 1/2-1/2

[Event "73rd MNE-ch 2021"]
[Site "Podgorica"]
[Date "2021.05.07"]
[Round "5.1"]
[White "Djukic, Nikola"]
[Black "Kalezic, Blazo"]
[Result "1/2-1/2"]
[WhiteElo "2515"]
[BlackElo "2456"]
[Annotator "ChessBase"]
[PlyCount "34"]
[EventDate "2021.05.03"]
[EventType "swiss"]
[EventCountry "MNE"]
[SourceTitle "playchess.com"]
[Source "ChessBase"]
[SourceQuality "1"]

1. e4 e5 2. Nf3 Nf6 3. Nxe5 d6 4. Nf3 Nxe4 5. Nc3 Nxc3 6. dxc3 Be7 7. Bf4 O-O 8. Qd2 Nd7 9. O-O-O Nc5 10. Bc4 Be6 11. Bxe6 fxe6 12. Be3 Ne4 13. Qe2 d5 14. Nd2 Nxd2 15. Bxd2 Qd7 16. Rhe1 Bd6 17. c4 Rae8 1/2-1/2

[Event "73rd MNE-ch 2021"]
[Site "Podgorica"]
[Date "2021.05.07"]
[Round "5.1"]
[White "Pobor, Milo"]
[Black "Petrovic, Slavko"]
[Result "1-0"]
[WhiteElo "2124"]
[BlackElo "1867"]
[Annotator "NA"]
[PlyCount "51"]
[EventDate "2021.05.03"]
[EventType "swiss"]
[EventCountry "MNE"]
[SourceTitle "playchess.com"]
[Source "ChessBase"]
[SourceQuality "1"]

1. e4 c5 2. Nf3 Nc6 3. d4 cxd4 4. Nxd4 Nf6 5. Nc3 d6 6. Bg5 a6 7. Qd2 Qc7 8. O-O-O e6 9. Kb1 Nxd4 10. Qxd4 Qc5 11. Qd2 Bd7 12. f3 Rc8 13. g4 Be7 14. h4 Bc6 15. Bd3 h6 16. Be3 Qa5 17. g5 Ng8 18. Rdf1 h5 19. Rhg1 Rd8 20. Qf2 Qc7 21. Bd4 Bf8 22. Bb6 Qd7 23. Bxd8 Qxd8 24. f4 Ne7 25. f5 exf5 26. exf5 1-0

[Event "73rd MNE-ch 2021"]
[Site "Podgorica"]
[Date "2021.05.07"]
[Round "5.2"]
[White "Tomic, Aleksandar"]
[Black "Draskovic, Luka"]
[Result "0-1"]
[WhiteElo "2377"]
[BlackElo "2472"]
[Annotator "TA"]
[PlyCount "96"]
[EventDate "2021.05.03"]
[EventType "swiss"]
[EventCountry "MNE"]
[SourceTitle "playchess.com"]
[Source "ChessBase"]
[SourceQuality "1"]

{[%evp 17,96,44,43,15,10,0,0,0,13,8,33,8,21,-8,-11,-35,-28,-31,-35,-53,-42,-75,-86,-115,-97,-90,-76,-114,-68,-126,-89,-97,-70,-53,-51,-63,-37,-37,-41,-37,-34,-36,-36,-201,-195,-197,-87,-76,-80,-114,-104,-114,-114,-172,-181,-211,-217,-228,-233,-235,-231,-231,-222,-242,-247,-226,-186,-284,-260,-346,-341,-348,-343,-353,-341,-639,-618,-29987,-29988,-29996,-29997]} 1. d4 d6 2. e4 Nf6 3. Nc3 e5 4. Nf3 Nbd7 5. Bc4 Be7 6. O-O O-O 7. Re1 c6 8. a4 h6 9. h3 Re8 10. b3 {C41: Philidor Defence.} exd4 $1 {[%mdl 4] is currently scoring better than 10...Qc7.} 11. Nxd4 Bf8 12. Ba3 {The position is equal.} Nc5 {[%cal Rc5e4] [#]} 13. Qf3 $146 ({Predecessor:} 13. Qd2 Ncxe4 14. Nxe4 Nxe4 15. Qf4 d5 16. Bxf8 Rxf8 17. Bd3 Qd6 18. Qh4 Qf6 19. Qxf6 Nxf6 {0-1 (46) Prohorov,O (2086)-Pikula,D (2415) Chess.com INT 2020}) 13... Ne6 (13... a6 {seems wilder.} 14. Qf4 Ne6 15. Bxe6 Bxe6 16. Rad1 Qc7) 14. Nxe6 Bxe6 15. Bxe6 Rxe6 16. Re3 Qa5 17. Rd1 Rae8 18. Bb2 Qc5 19. Rdd3 a6 20. Qe2 b5 21. axb5 axb5 22. Kh2 Qa7 23. b4 (23. Qe1 $15) 23... Qe7 24. Kh1 Nd7 ({Don't blunder} 24... Nxe4 $2 25. Nxe4 Rxe4 26. Rxe4 $18) 25. Nd5 $1 {[%cal Rd5e7]} cxd5 26. exd5 Rxe3 (26... Re5 $5) 27. Rxe3 Ne5 28. f4 {[#]} Qb7 $1 29. fxe5 {Black must now prevent e6.} Qxd5 30. Ra3 $2 ({White should try} 30. Bc3 $1 $15) 30... dxe5 $19 31. Ra5 Qc4 ({Don't take} 31... Bxb4 32. Rxb5 Bc5 33. Ba3 $17) (31... Rb8 $19 {is more deadly.} 32. Ra1 e4) 32. Qxc4 $17 bxc4 33. Bxe5 Bxb4 {[%mdl 4096] Endgame KRB-KRB} 34. Rb5 Bd2 35. Rd5 (35. g4 $17) 35... c3 $19 36. Rc5 {[#]} f6 $1 {[%cal Rf6e5]} 37. Bxc3 Re1+ $1 38. Kh2 Bf4+ 39. g3 Re2+ {[%mdl 64] Double Attack} 40. Kh1 Bxg3 41. Bd4 Kf7 42. c4 (42. Kg1 {keeps fighting.}) 42... Ke6 43. Rc8 {Re8+ is the strong threat.} Kf5 44. Bg1 Bf2 45. Bh2 Rc2 46. Bd6 $2 (46. Rb8) 46... Ke4 47. c5 Kf3 48. h4 Bg3 {[%cal Rc2c1] Weighted Error Value: White=0.54/Black=0.09} 0-1

[Event "73rd MNE-ch 2021"]
[Site "Podgorica"]
[Date "2021.05.07"]
[Round "5.2"]
[White "Jeknic, Velimir"]
[Black "Dedeic, Huso"]
[Result "1/2-1/2"]
[WhiteElo "1956"]
[BlackElo "1980"]
[Annotator "NA"]
[PlyCount "86"]
[EventDate "2021.05.03"]
[EventType "swiss"]
[EventCountry "MNE"]
[SourceTitle "playchess.com"]
[Source "ChessBase"]
[SourceQuality "1"]

1. e4 e5 2. Bc4 Nc6 3. d3 Nf6 4. a3 Be7 5. Nc3 O-O 6. f4 d6 7. f5 Nd4 8. Nd5 Nxd5 9. Bxd5 c6 10. Ba2 d5 11. c3 Nb5 12. a4 Nd6 13. Qe2 b6 14. Nf3 Ba6 15. c4 dxc4 16. dxc4 Re8 17. O-O c5 18. Bd2 Bb7 19. Bb1 Bf6 20. Rd1 Qe7 21. a5 Bc6 22. Bc3 b5 23. Rxd6 Qxd6 24. cxb5 Bd7 25. Ba2 Rab8 26. Bc4 Qc7 27. g4 g5 28. h4 h6 29. hxg5 hxg5 30. Bd2 Qb7 31. a6 Qb6 32. Ba5 Qd6 33. Rd1 Qe7 34. Bc7 Bxb5 35. Bxb5 Qxc7 36. Bxe8 Rxe8 37. Qc4 Rb8 38. Rd5 Rxb2 39. Qxc5 Qxc5+ 40. Rxc5 Rb4 41. Nd2 Rd4 42. Rc2 Be7 43. Kf2 Bb4 1/2-1/2

[Event "73rd MNE-ch 2021"]
[Site "Podgorica"]
[Date "2021.05.07"]
[Round "5.4"]
[White "Podlesnik, Bogdan"]
[Black "Potpara, Nikola"]
[Result "1/2-1/2"]
[WhiteElo "2356"]
[BlackElo "2370"]
[Annotator "TA"]
[PlyCount "197"]
[EventDate "2021.05.03"]
[EventType "swiss"]
[EventCountry "MNE"]
[SourceTitle "playchess.com"]
[Source "ChessBase"]
[SourceQuality "1"]

{[%evp 14,197,37,41,54,23,33,28,59,54,63,27,33,29,42,37,39,38,52,55,83,43,53,0,11,0,0,0,9,-36,12,-47,-53,-73,-98,-142,-140,-125,-91,-113,-60,-69,-21,-21,-21,-35,-41,-38,-35,-51,-51,-45,-41,-39,-23,-54,-18,-18,-18,-18,-18,-18,-18,-18,-18,-18,-18,-18,-18,-18,-18,-18,-18,-106,-18,-18,-18,-18,-18,-18,-18,-100,-18,-18,-18,-18,-18,-18,-18,-18,-18,-18,-18,-18,-18,-18,-18,-18,-18,-18,-18,-35,-18,-18,-18,-18,-18,-18,-18,-18,-18,-18,-18,-18,-18,-18,-18,-18,-18,-18,-18,-18,-18,-18,-18,-18,-18,-39,-39,-39,-39,-39,-39,-39,-39,-40,-40,-40,-40,-40,-40,-40,-40,-40,-40,-40,-40,-40,-40,-40,-40,-40,-40,-447,-376,-485,-481,-454,-441,-497,-473,-422,-276,-627,-70,-59,-60,-66,-66,-59,-70,-83,0,0,0,0,0,0,0,0,0,0,0,0,0,0]} 1. e4 d6 2. d4 Nf6 3. Nc3 e5 4. Nf3 Nbd7 5. Bc4 Be7 6. O-O c6 7. a4 Qc7 8. Re1 a5 {C41: Philidor Defence.} 9. b3 h6 10. Ba3 Nf8 {White has an edge.} 11. d5 Ng6 12. h3 {[#]} O-O $146 ({Predecessor:} 12... Nf4 13. Nxe5 dxe5 14. d6 Qb6 15. dxe7 Bxh3 16. gxh3 Nxh3+ 17. Kg2 Nf4+ 18. Kf1 h5 19. Qd6 Rh6 20. Nb5 Rc8 21. Bc5 {1-0 (21) Borosova,Z (2257)-Juhasz,M (2206) Hungary 2017}) 13. Qd2 Nh7 14. Rad1 c5 15. Nb5 Qd7 16. Bc1 Ng5 17. Qd3 Qd8 18. Nxg5 Bxg5 19. Bxg5 hxg5 20. Qg3 Nf4 21. Be2 b6 22. Nc3 (22. Bg4 $11) 22... g6 $15 23. Qh2 Ra7 24. Bf3 Kg7 25. Ne2 Qf6 26. Qg3 Rh8 (26... Qe7 $1 $17) 27. Bg4 $1 Ba6 28. c4 Raa8 29. Kf1 Rae8 30. Ng1 Qd8 31. Qe3 Bc8 32. Bxc8 Qxc8 33. Ne2 Rh4 (33... Rh5 {seems wilder.} 34. Nxf4 gxf4 35. Qc3 Qd8 36. Qf3 Reh8) 34. Nxf4 exf4 35. Qc3+ Re5 36. f3 Rh8 37. Ke2 Rhe8 38. Kd2 R8e7 39. Re2 Qh8 40. Kd3 Kf8 41. Rde1 Ke8 42. Kd2 Kd8 43. Kd1 {[#]} (43. Kc2 $11) 43... Qh4 (43... Rxd5+ $1 $17 {[%mdl 512]} 44. Kc2 Qxc3+ 45. Kxc3 Rd4) 44. Qd2 Kc7 45. Qc3 Kb7 46. Qd2 Qh8 47. Qc3 {[#]} (47. Kc2 $11 {keeps the balance.}) 47... Ka7 (47... Rxd5+ $1 $17 48. Kc2 Qxc3+ 49. Kxc3 Rde5) 48. Qb2 Ka6 49. Kc1 Re8 50. Kd1 Qh4 51. Qc3 Qg3 52. Qd2 Kb7 53. Qc3 Kc7 54. Qd2 Kd7 55. Qc3 Qh4 56. Qd2 Qh8 57. Qb2 R8e7 58. Kc1 Ke8 59. Kd1 Kf8 60. Kc1 Kg8 61. Kd1 Qh4 62. Qc3 Re8 63. Qd2 Kh7 64. Qc3 Kh6 65. Qd2 Qg3 66. Qc3 Kg7 67. Qb2 Rh8 68. Qc3 Kf8 69. Qb2 Rh4 70. Qc3 g4 71. hxg4 {[#]} Rxg4 $1 72. Rh1 (72. Qc1 Rh4) 72... Rh4 73. Rxh4 Qxh4 74. Qe1 Qxe1+ 75. Kxe1 {[%mdl 4096] Endgame KR-KR} Rh5 76. Kf2 Ke7 77. Kg1 Kf6 78. Re1 Ke5 79. Rd1 $1 Rh4 80. Kf2 g5 81. Kg1 g4 82. Rd2 Rh8 83. Kf2 $2 {[%mdl 8192] [#]} ({White should try} 83. Rd1 $15) 83... gxf3 $1 $19 84. gxf3 Rh1 85. Kg2 Re1 86. Kf2 Re3 87. Rb2 Kd4 88. Re2 $2 {[#]} (88. Rd2+ Kc3 89. Rd1) 88... Rd3 $2 ({Black should play} 88... Kd3 $1 $19 89. Rb2 f6) 89. e5 $1 $15 {[%cal Re5d6]} dxe5 90. Re4+ $1 Kc3 {Threatens to win with ...f6.} 91. Rxe5 Kxb3 92. Re4 $1 Kxa4 (92... f5 $17 93. Rxf4 Rd2+ 94. Ke3 Kc3) 93. Ke2 $11 {The position is equal.} Ra3 $1 94. d6 {Hoping for d7.} Ra2+ 95. Kd3 {Black must now prevent Re5.} Ra3+ 96. Kc2 {Strongly threatening Re5.} Ra2+ $1 (96... Rxf3 $2 97. d7 $18) 97. Kc3 {aiming for Re5.} Ra3+ 98. Kc2 {And now Re5 would win.} Ra2+ $1 ({Don't blunder} 98... Rxf3 $2 99. d7 $18) 99. Kc3 {Black had all chances to win.  Weighted Error Value: White=0.14/Black=0.10} 1/2-1/2

[Event "73rd MNE-ch 2021"]
[Site "Podgorica"]
[Date "2021.05.07"]
[Round "5.4"]
[White "Malisic, Miroslav"]
[Black "Abramovic, Dragoljub"]
[Result "0-1"]
[WhiteElo "1832"]
[BlackElo "2012"]
[Annotator "NA"]
[PlyCount "100"]
[EventDate "2021.05.03"]
[EventType "swiss"]
[EventCountry "MNE"]
[SourceTitle "playchess.com"]
[Source "ChessBase"]
[SourceQuality "1"]

1. e4 d5 2. exd5 Qxd5 3. Nc3 Qd6 4. Nf3 Bg4 5. Be2 c6 6. O-O Nf6 7. d3 e6 8. Bg5 Nbd7 9. Nd2 Bxe2 10. Qxe2 Qc7 11. Nce4 Be7 12. Nxf6+ Nxf6 13. Bxf6 Bxf6 14. c3 g6 15. Qf3 Bg7 16. d4 O-O 17. Ne4 e5 18. dxe5 Bxe5 19. Qh3 Bg7 20. Rfe1 Rad8 21. Qh4 Rd5 22. Ng5 h6 23. Nf3 Rfd8 24. h3 Qb6 25. Rab1 Qc7 26. Qe7 R5d7 27. Qb4 a5 28. Qb3 Qf4 29. Re2 a4 30. Qc2 b5 31. Rbe1 Kh7 32. Re4 Qf6 33. Qc1 a3 34. bxa3 Qxc3 35. Qxc3 Bxc3 36. Rc1 Rd1+ 37. Rxd1 Rxd1+ 38. Kh2 Ra1 39. Re7 Kg7 40. Rc7 Rxa2 41. Rxc6 Rxa3 42. Kg3 b4 43. Kf4 Bf6 44. Ne5 Rc3 45. Rb6 b3 46. f3 Rc5 47. Nd3 Rc4+ 48. Ke3 Bd4+ 49. Kf4 Bf6+ 50. Kg3 Rc3 0-1

[Event "73rd MNE-ch 2021"]
[Site "Podgorica"]
[Date "2021.05.07"]
[Round "5.5"]
[White "Vujovic, Savo"]
[Black "Blagojevic, Dragisa"]
[Result "1/2-1/2"]
[WhiteElo "2167"]
[BlackElo "2481"]
[Annotator "ChessBase"]
[PlyCount "64"]
[EventDate "2021.05.03"]
[EventType "swiss"]
[EventCountry "MNE"]
[SourceTitle "playchess.com"]
[Source "ChessBase"]
[SourceQuality "1"]

1. d4 d5 2. c4 dxc4 3. e4 Nc6 4. Nf3 Bg4 5. d5 Ne5 6. Bf4 Ng6 7. Be3 e5 8. Nbd2 Nf6 9. Bxc4 a6 10. O-O Bd6 11. h3 Bd7 12. Qb3 b5 13. Bd3 c6 14. Rac1 Rc8 15. a4 cxd5 16. axb5 dxe4 17. Ng5 O-O 18. Bc4 Qe7 19. bxa6 Rb8 20. Qa2 Bf5 21. g4 Bc8 22. Ngxe4 Nxe4 23. Nxe4 Qh4 24. Bxf7+ Kh8 25. Rxc8 Rbxc8 26. Bxg6 hxg6 27. Nxd6 Qxh3 28. Qd5 Rf3 29. Qe4 Rc2 30. Re1 Rg3+ 31. fxg3 Qh2+ 32. Kf1 Qh3+ 1/2-1/2

[Event "73rd MNE-ch 2021"]
[Site "Podgorica"]
[Date "2021.05.07"]
[Round "5.5"]
[White "Lakusic, Zoran"]
[Black "Obadovic, Zeljko"]
[Result "0-1"]
[WhiteElo "1693"]
[BlackElo "1788"]
[Annotator "NA"]
[PlyCount "88"]
[EventDate "2021.05.03"]
[EventType "swiss"]
[EventCountry "MNE"]
[SourceTitle "playchess.com"]
[Source "ChessBase"]
[SourceQuality "1"]

1. c4 e5 2. Nc3 Nf6 3. e4 Bc5 4. h3 Nc6 5. Nf3 d6 6. Be2 Nd4 7. d3 h6 8. Be3 Nxe2 9. Qxe2 Bb4 10. O-O c5 11. Nd5 Nxd5 12. cxd5 O-O 13. Nh2 f5 14. f4 exf4 15. Bxf4 Ba5 16. exf5 Rxf5 17. Ng4 Qf8 18. Bd2 Bxd2 19. Qxd2 Bd7 20. Rxf5 Qxf5 21. Rf1 Qg6 22. Qf4 h5 23. Nf2 Rf8 24. Qh4 Bb5 25. Rd1 Qf5 26. d4 c4 27. Ne4 Qxd5 28. Re1 Bc6 29. Qg3 Qxd4+ 30. Nf2 Qxb2 31. Nd1 Qd4+ 32. Kh2 Re8 33. Kh1 Rxe1+ 34. Qxe1 Qe4 35. Qg3 b5 36. Ne3 a5 37. Qg5 b4 38. Nf5 Qxg2+ 39. Qxg2 Bxg2+ 40. Kxg2 b3 41. axb3 cxb3 42. Ne7+ Kf7 43. Nd5 a4 44. Nc3 a3 0-1